| 000 | 00494nam a22001577a 4500 | ||
|---|---|---|---|
| 020 | _qHard Cover. | ||
| 082 | _a005 | ||
| 100 | _aKhurram, Sheraz | ||
| 245 |
_aMultiparty Voice over IP Peer to Peer Networks / _cSheraz Khurram |
||
| 260 |
_aIslamabad : _bCEME - NUST, _c2011. |
||
| 300 |
_a39 p. : ill. ; _c30cm. |
||
| 650 |
_aComputer Engineering-MS-Thesis _916083 |
||
| 700 |
_aDr. Ghalib AsadUllah Shah _934816 |
||
| 942 |
_2ddc _cTHE |
||
| 999 |
_c540672 _d540672 |
||